Problemas y opciones de un sistema de información referencial en educación superior

Guardado en:
Bibliografiske detaljer
Institution som forfatter: Instituto para la Formación y Aprovechamiento de los Recursos Humanos
Format: Texto
Udgivet: Panamá: CIDI
Tags: Tilføj Tag
Ingen Tags, Vær først til at tagge denne postø!

MARC

LEADER 00000 a a2200000 04500
001 20867
003
040
090 |a 089300  
110 |a Instituto para la Formación y Aprovechamiento de los Recursos Humanos  
245 |a Problemas y opciones de un sistema de información referencial en educación superior  
260 |a Panamá:   |b CIDI  
300 |a 26 p.  
999 |c 483  |d 483